000
00252nam a2200097Ia 4500
001
697134
005
20250826162026.0
008
250824s9999 xx 000 0 und d
245
0
_a
TARİHİN ARKA SOKAKLARI
_c
YAVUZ BAHADIROĞLU
260
_b
PANAMA YAYINLARI
999
_c
697134
_d
697134